|
|
|
|
| LEADER |
00000nab a2200000 a 4500 |
| 001 |
vtls009002514 |
| 003 |
SK-MaSNL |
| 005 |
20260303064956.0 |
| 008 |
171110 2007 xo w n 000 0 slo |
| 038 |
|
|
|a SLLK
|
| 040 |
|
|
|a SLLK
|b slo
|c sllk
|e AACR2
|
| 041 |
0 |
|
|a slo
|
| 044 |
|
|
|a xo
|c SK
|
| 080 |
|
|
|a 796.325
|2 1997
|
| 100 |
1 |
|
|a Hriňák, M.
|4 aut
|9 1064394
|
| 245 |
1 |
0 |
|a Druhí vo finále regiónu
|c M. Hriňák
|
| 648 |
|
7 |
|a 2007
|2 snkbucl
|9 313226
|
| 650 |
0 |
7 |
|a šport
|2 snkbucl
|9 1042
|
| 650 |
0 |
7 |
|a volejbal
|x starší žiaci
|2 snkbucl
|9 1045352
|
| 651 |
|
7 |
|a Stará Ľubovňa (Slovensko)
|2 snkbucl
|9 19193
|
| 651 |
|
7 |
|a Humenné (Slovensko)
|2 snkbucl
|9 19199
|
| 773 |
0 |
|
|t Ľubovnianske noviny
|g Roč. XXXIII, č. 24 (2007), s. 6
|
| 852 |
|
|
|a SLLK
|b KIS3GCP
|
| 999 |
|
|
|c 1749273
|d 1751203
|